| 000 | 00958cam a2200181 4500 | ||
|---|---|---|---|
| 001 | WB3801-08 | ||
| 008 | 020108n2002 000 0 eng u | ||
| 035 | _a(Sirsi) u116182 | ||
| 245 | _aConstruction begins 2002 on back foot | ||
| 260 | _c2002 | ||
| 490 |
_aRICS Press Release _v(pr001) 3 December 2001, (2) |
||
| 520 | _aRICS Construction Survey 4Q 2001 confirms that construction activity and profit expectations have cooled across the sector. Chartered surveyors reported the first decline in construction workloads since the beginning of 1996. Workload, employment and profit expectations have all deteriorated. However, the latest survey from the Chartered Institute of Purchasing and Supply indicates UK construction industry activity increased in December 2001 at a faster pace than in November. | ||
| 590 | _aWB | ||
| 650 | _aRICS SURVEY | ||
| 650 | _aCONSTRUCTION MARKET | ||
| 690 | _aBUILT ENVIRONMENT-CONSTRUCTION MARKET | ||
| 942 | _n0 | ||
| 999 |
_c69209 _d69209 |
||